00251nam a22001097a 4500020001800000040000900018082001800027100002400045245001200069260004800081610001200129 a0000000578226 cNUST a891.4393bRAE aAhmad Jaffari Raees aTaghluq aIslamabad:bSeventh Sky Publication;c2018. aTaghluq